Gaming Quiz

Random Gaming or Card Games Quiz
Score 0/15 Timer 04:00
2 Plays Today
% Correct
Angry Birds
98.2%
Pokémon
95.3%
Monopoly
95%
Super Mario Bros.
93.1%
Sonic the Hedgehog
92.8%
Chess
89.7%
The Legend of Zelda
76.4%
Space Invaders
76%
% Correct
Kirby
67.6%
Assassin's Creed
64.5%
Fallout
54.1%
Yu-Gi-Oh!
51.3%
Final Fantasy
42.6%
Mass Effect
26.8%
League of Legends
14.3%
Remove Ads.
Support Sporcle.
Get the best of Sporcle when you Go Orange. This ad-free experience offers more features, more stats, and more fun while also helping to support Sporcle. Thank you for becoming a member.

You're not logged in!

Compare scores with friends on all Sporcle quizzes.
OR
Log In

Show Comments

Extras

Top Quizzes Today


Score Distribution

Your Account Isn't Verified!

In order to create a playlist on Sporcle, you need to verify the email address you used during registration. Go to your Sporcle Settings to finish the process.

Report this User

Report this user for behavior that violates our Community Guidelines.

Details: